00373nam a2200145Ia 4500008004100000020001500041041000800056082001800064100002200082245003300104250000600137260005200143300001200195650002000207210716s1998 xx 000 0 und d a8120313275 aeng a005.3002 FULJ aFulton, Jennifer. a10 minute guide to excel 97. a1 aNew DelhibPrentice Hall of India PVt Ltdc1998 axiv,208 aPrograms(005.3)